International business (Record no. 521565)

000 -LEADER
fixed length control field 00224nam a22000977a 4500
082 ## - DEWEY DECIMAL CLASSIFICATION NUMBER
Classification number TNC T39 S64
100 ## - MAIN ENTRY--PERSONAL NAME
Personal name Singh, Naunihal
9 (RLIN) 35436
245 ## - TITLE STATEMENT
Title International business
260 ## - PUBLICATION, DISTRIBUTION, ETC. (IMPRINT)
Place of publication, distribution, etc New delhi
Name of publisher, distributor, etc Anmol
Date of publication, distribution, etc 1997
300 ## - PHYSICAL DESCRIPTION
Extent 468p.
Holdings
Withdrawn status Lost status Source of classification or shelving scheme Damaged status Koha normalized classification for sorting Not for loan Permanent location Current location Date acquired Full call number Barcode Date last seen Price effective from Koha item type
        TNC_T39_S64   Indian Institute of Public Administration Indian Institute of Public Administration 2023-02-13 TNC T39 S64 GR23238 2023-02-13 2023-02-13 GR

Powered by Koha